000 00860nam a22002537a 4500
005 20251108164103.0
008 250721s1999 xx 000 0 ara d
082 1 4 _a956.305/لوز
100 1 _aاللوزي، فرحان
245 1 0 _aالعدوان الأمريكي - البريطاني على العراق كانون أول 1998 /
264 1 _aعمان :
_bمركز للمعلومات و الدراسات،
_c1999.
300 _a175ص
650 1 7 _aالحرب
650 1 7 _aالسياسة الدولية
650 1 7 _aالنزاعات المسلحة
650 1 7 _aحرب الخليج 1991
650 1 7 _aالعدوان
650 1 7 _aالعراق
650 1 7 _aالولايات المتحدة المملكة المتحدة
700 1 _aأيوب، فراس
700 1 _aعضيبات، محمد نذير
942 _2ddc
_cBK
999 _c3288
_d3288